| 000 | 00665cam a2200241 a 4500 | ||
|---|---|---|---|
| 999 |
_c8450 _d8450 |
||
| 001 | 8450 | ||
| 003 | BD-JhCC | ||
| 005 | 20180320171406.0 | ||
| 008 | 850910s1985 nyua 000 0 eng | ||
| 020 |
_a0668064684 (pbk.) : _c$5.95 |
||
| 035 | _a(BD-JhCC)8450 | ||
| 040 |
_aDLC _cDLC _dDLC _dBD-JhCC |
||
| 041 | _aeng | ||
| 050 | 1 | 0 |
_aQA107 _b.A735 1985 |
| 082 | 0 | 0 |
_a510 _219 _bARI 1985 |
| 245 | 0 | 0 |
_aArithmetic / _cE.T. Mcswain...[et. all]. |
| 260 |
_aNew Jersey : _bLaidlaw Brothers _cc1985. |
||
| 300 |
_avi, 138 p. : _bill. ; _c27 cm. |
||
| 650 | 0 |
_aArithmetic. _vStudy and teaching (Elementary) |
|
| 700 | _a E.T. Mcswain | ||
| 942 |
_2ddc _cBK |
||